Science Quiz

Random Science Quiz

B&B ch 9 Quiz Stats

 Plays Quiz not verified by Sporcle

Score 0/20 Timer 13:00
0 Plays Today
Question % Correct
what stage of sleep is involved in the consolidation of a non-declarative memoryREM
90%
the accumulation of this neuromodulator serves as a sleep promoting substanceadenosine
90%
serotonergic neurons are found in theraphe nuclei
90%
what kind of sleep waves are present during REM?theta beta
80%
the control of seasonal rhythms involves what glandpineal
80%
when a person sustains various amounts of muscle weaknesscataplexy
70%
sleep attacks can be diminished by stimulants such asritalin
70%
maladaptive behaviors during SWSbedwetting sleepwalking night terrors
70%
where are ACh neurons located?pons basal forebrain medial septum
70%
noradrenergic/norepinephrine is released by neurons from wherelocus coeruleus
70%
Question % Correct
Where is the biological clock locatedsuprachiasmatic nucleus
70%
Lesions in what area disrupts circadian rhythms/axons from SCN terminate hereSPZ
70%
peptide produced by neurons whose cell bodies are in the hypothalamusorexin
60%
ACh is low in what stage(s) and high in what stage(s) of sleep?SWS waking REM
60%
cell bodies of histaminergic neurons are located in thetuberomammillary nucleus
60%
Where are the majority of sleep neurons locatedventrolateral preoptic area
60%
Damage to vlPOA...supresses sleep
60%
activity of vlPOA increases duringsleep
60%
Firing rate of noradrenergic neurons was high during what stage and low during what stages?waking SWS REM
50%
serotongergic neurons are active in what stage and not active in what stageswaking SWS REM
50%

You're not logged in!

Compare scores with friends on all Sporcle quizzes.
OR
Log In

Show Comments

Extras

Created Nov 13, 2010ReportNominate
Tags:brain, sleep

Top Quizzes Today


Score Distribution

Your Account Isn't Verified!

In order to create a playlist on Sporcle, you need to verify the email address you used during registration. Go to your Sporcle Settings to finish the process.

Report this User

Report this user for behavior that violates our Community Guidelines.

Details: